000 00651nam a2200241Ia 4500
003 OSt
005 20221007073122.0
006 a|||||r|||| 00| 0
007 ta
008 221006b |||||||| |||| 00| 0 eng d
024 _a12,924
037 _cTextual
040 _aFLL
_cFLL
_beng
041 _2eng
_aeng
082 _aV4.5.N7, M5
100 _aScoble H.M. Au.
_9691944
245 0 _aAcess to justice
260 _aLondon
_bZed books ltd. London
_c1985
300 _a208p
_ccm.
700 _a Wiseberg L.S. Au.
_9691945
942 _hV4.5.N7, M5
_cTEXL
_2CC
999 _c1147735
_d1147735